000 00329pam a2200157a 44500
008 230515b2012 xxu||||| |||| 00| 0 eng d
020 _aNULL
041 _aENGLISH
082 _a612/SEM
100 _aMARYA
245 _aMEDICAL PHYSIOLOGY
250 _a3
260 _a
_bC B S PUB
_c2012
300 _a686
650 _aNULL
999 _c563317
_d563317